Denmark Quiz - Statistics

General Stats
  • This quiz has been taken 138 times
  • The average score is 12 of 15
Answer Stats
Hint Answer % Correct
Language Danish
100%
Capital Copenhagen
97%
Colors of the flag Red and White
91%
Only land bordering country Germany
88%
Large overseas island territory Greenland
88%
Sea to the west North Sea
78%
Sea to the east Baltic Sea
76%
Denmark in native language Danmark
75%
Peninsula name Jutland
74%
'Capital' of above Nuuk
73%
Capital's island Zealand
70%
Capital in native language København
68%
Small overseas islands territory Faroe Islands
67%
Symbol the flag bears A Scandinavian cross
66%
'Capital' of above Tórshavn
39%
No matching quizzes found
Score Distribution
Percent of People with Each Score
Percentile by Number Answered
Your Score History
You have not taken this quiz